[Event "Bad Woerishofen op"]
[Site "Bad Woerishofen"]
[Date "2001.??.??"]
[Round "4"]
[White "Puth, Dieter"]
[Black "Vatter, Hans-Joachim"]
[Result "1-0"]
[WhiteElo "2185"]
[BlackElo "2342"]
[Annotator "ChessOrg"]
[PlyCount "105"]
[EventDate "1998.03.05"]
[Source "ChessBase"]
[SourceDate "1998.04.29"]

1. d4 {A44: Alt-Benoni} 1... c5 2. d5 e5 3. e4 d6 4. Nc3 Be7 5. Nf3 5... Nd7 {
letzter Buchzug} 6. Be2 h6 7. h4 a6 8. a4 b6 9. g3 Ngf6 10. Nd2 Rb8 11. Nf1 Kf8
12. Ne3 b5 (12... g6 13. h5 $11) 13. f3 (13. axb5 axb5 14. Nxb5 14... Nxe4 $14)
13... c4 (13... b4 14. Nb1 $11) 14. b4 cxb3 15. cxb3 b4 16. Nb1 a5 17. Nd2 g6
18. Ndc4 Nh5 19. Nf1 Ng7 20. Be3 f5 21. Qd2 f4 (21... Nf6 $5 $14) 22. gxf4 $16
22... Bxh4+ 23. Kd1 Bf6 24. Rb1 (24. Nxd6 $6 24... exf4 25. Bd4 Bxd4 26. Qxd4
26... Qe7 $16) 24... h5 25. Nxd6 exf4 26. Bxf4 Ne5 (26... g5 27. Bg3 $16) 27.
Nc4 Nxc4 28. Bxc4 Bc3 29. Qh2 (29. Bxb8 $6 29... Bxd2 30. Nxd2 30... Bb7 $14)
29... Rb7 30. Be5 (30. Ba6 Rf7 31. Bxc8 31... Qxc8 $18) 30... Rf7 $16 31. Bxc3
(31. Be2 Rd7 32. Bxc3 bxc3 33. Qf4+ 33... Kg8 $18) 31... bxc3 32. Be2 Ne6 (
32... Qf6 $5 $16) 33. Qe5 $18 33... Rhh7 34. Qxc3 Nf4 35. Qc5+ Kg7 (35... Kg8
36. Nd2 $18) 36. Qd4+ Kh6 37. Bc4 Rhg7 (37... Bh3 38. Nd2 $18) 38. Nd2 g5 39.
Kc2 (39. d6 Rd7 40. e5 40... Rh7 $18) 39... h4 (39... Rb7 40. Rbd1 $18) 40. Kb2
Bh3 41. d6 Rd7 42. e5 Bf5 (42... Rb7 43. Rbe1 Rb4 44. Re4 $18) 43. Rbg1 Rg6 (
43... Kh7 44. Ne4 Bxe4 45. Qxe4+ (45. fxe4 $6 45... Rg6 $18) 45... Kh8 46. Qd4
$18) 44. Ne4 (44. Rxh4+ $1 $142 44... gxh4 45. Qxf4+ 45... Kg7 $18) 44... Bxe4
45. Qxe4 Qf8 46. Kb1 Kg7 (46... Rd8 $18) 47. e6 Nxe6 48. Bxe6 (48. Qxe6 Rxe6)
48... Rxd6 49. Bf5 (49. Qe5+ Kh7 50. Bf5 50... Qf7 $18) 49... Rb6 (49... Qf7
50. Qe5+ 50... Kf8 $18) 50. Bxg6 Rxb3+ (50... Qf6 51. Qe3 Qxg6+ 52. Ka2 $18)
51. Kc2 Rxf3 52. Qe5+ (52. Rxg5 Rf2+ 53. Kb1 Rf1+ 54. Rxf1 Qxf1+ 55. Ka2 Qf2+
56. Kb3 Qg3+ 57. Rxg3 57... hxg3 $18) 52... Kg8 (52... Qf6 53. Rxg5 Qxe5 54.
Rxe5 Kxg6 55. Rxh4 $18) 53. Qe8 (53. Qe8 Qxe8 54. Bxe8 $18) (53. Be4 Rf2+ 54.
Kd1 Rd2+ 55. Kxd2 Qb4+ 56. Ke2 Qc4+ 57. Bd3 Qa2+ 58. Ke3 Qf7 59. Qb8+ Kg7 60.
Rxg5+ Qg6 61. Rxg6+ Kf7 62. Rxh4 Ke7 63. Rh7#) 1-0

[Event "Bad Woerishofen op"]
[Site "Bad Woerishofen"]
[Date "2001.??.??"]
[Round "6"]
[White "Puth, Dieter"]
[Black "Doettling, Fabian"]
[Result "0-1"]
[WhiteElo "2185"]
[BlackElo "2509"]
[Annotator "ChessOrg"]
[PlyCount "48"]
[EventDate "1998.03.05"]
[Source "ChessBase"]
[SourceDate "1998.04.29"]

1. d4 {D37: Damengambit (5.Lf4)} 1... d5 2. c4 e6 3. Nc3 Be7 4. Nf3 Nf6 5. Bf4
O-O 6. e3 c5 7. dxc5 Bxc5 8. Qc2 Nc6 9. Rd1 Qa5 10. a3 Be7 11. Nd2 e5 12. Bg5
d4 13. Nb3 Qd8 14. Be2 a5 15. Na4 Ng4 16. Bxe7 Qxe7 17. exd4 Qh4 18. g3 {
letzter Buchzug} 18... Qh3 (18... Qf6 19. Bd3 exd4 20. Bxh7+ Kh8 21. Be4 $16)
19. Bf1 $18 19... Qh5 20. Bg2 (20. d5 $5 $142 20... Bf5 21. Qd2 $16) 20... exd4
$11 21. Nxd4 Re8+ 22. Kf1 (22. Ne2 $5 22... Bf5 23. Qb3 Nxh2 24. Nac3 $17)
22... Nxh2+ $17 23. Rxh2 Qxh2 24. Nxc6 $4 (24. Nf3 $142 24... Qh6 25. Nc5 $17)
24... Bh3 (24... Bh3 25. Qxh7+ Kxh7 26. Ne5 Rxe5 27. Bxh3 Qh1#) 0-1

[Event "Bad Woerishofen op"]
[Site "Bad Woerishofen"]
[Date "2001.??.??"]
[Round "8"]
[White "Puth, Dieter"]
[Black "Krklec, Daniel"]
[Result "0-1"]
[WhiteElo "2185"]
[BlackElo "1800"]
[Annotator "ChessOrg"]
[PlyCount "120"]
[EventDate "1998.03.05"]
[Source "ChessBase"]
[SourceDate "1998.04.29"]

1. d4 {D49: Damengambit (Meraner Variante)} 1... d5 2. c4 c6 3. Nf3 Nf6 4. Nc3
e6 5. e3 Nbd7 6. Bd3 dxc4 7. Bxc4 b5 8. Bd3 a6 9. e4 c5 10. e5 cxd4 11. Nxb5
axb5 12. exf6 Qb6 13. fxg7 Bxg7 14. Qe2 b4 15. O-O 15... Bb7 {letzter Buchzug}
16. Bf4 Bd5 17. Ne5 (17. a3 17... O-O $11) 17... Bxe5 (17... Rxa2 18. Rxa2 Bxa2
19. Rc1 Bxe5 20. Bxe5 $18) 18. Bxe5 f6 19. Bg3 Ke7 (19... Bxa2 $2 20. b3 $18)
20. b3 Rac8 21. Rfe1 h5 22. h4 Rc3 23. Rad1 Kd8 24. Be4 Bxe4 25. Qxe4 e5 26.
Kh2 Qc6 27. Qg6 Qd5 28. Qf5 d3 (28... Qa8 29. Re4 Kc8 30. Re2 $14) 29. Re3 (29.
Rd2 Qd6 30. Red1 30... Nc5 $16) 29... d2 $14 30. Re2 Rd3 31. Qe4 31... Qd6 $2 (
31... Qxe4 $142 32. Rxe4 f5 33. Bxe5 fxe4 34. Bxh8 e3 35. fxe3 35... Nc5 $11)
32. Qa8+ $18 32... Nb8 $4 (32... Qb8 33. Qxb8+ Nxb8 34. Rexd2 Rxd2 35. Rxd2+
35... Ke7 $16) 33. Qb7 (33. Rexd2 $1 $142 33... Rxd2 34. Rxd2 Qxd2 35. Qxb8+
Ke7 36. Qxh8 Qxa2 37. Qg7+ Ke6 38. Qf8 $18) 33... Re8 (33... Nd7 34. a3 Nb6 35.
axb4 $18) 34. Qh7 Kc8 (34... Nd7 35. Qh6 $16) 35. Qxh5 (35. Qf5+ $5 35... Nd7
36. Bf4 36... Qd4 $18) 35... Rd8 36. Qf5+ Kb7 37. Qe4+ (37. f4 37... Nc6 $16)
37... Nc6 $14 38. f3 Qc5 39. Qc4 (39. Qg6 $5 $16) 39... Qxc4 $11 40. bxc4 Na5
41. c5 Nc4 42. Be1 (42. Re4 42... Rc3 $19) 42... dxe1=Q (42... Kc6 43. Kh3 $19)
43. Rdxe1 (43. Rexe1 $4 43... Rxd1 44. Re4 44... R1d4 $19) 43... Kc6 44. Kh3
Kxc5 45. h5 Rg8 46. Rc1 Kd5 47. Rec2 Nd6 48. Rb1 e4 49. Rxb4 exf3 50. gxf3 (50.
Rb3 Rd1 51. Kh2 Rg5 52. gxf3 52... Nf5 $19) 50... Rxf3+ 51. Kh2 Ne4 (51... Rg5
$5 $142 52. Rd2+ Kc5 53. Rh4 $19) 52. Rb5+ Kd4 53. h6 f5 (53... Ng5 54. Rb4+
Kd3 55. Rcb2 $19) 54. Rg2 (54. h7 Rh8 55. Rb7 55... Ra3 $19) 54... Rh8 55. Rg6
(55. Rb6 Nf2 56. Rgg6 Ng4+ 57. Kg2 57... Ra3 $19) 55... Rf2+ 56. Kg1 Rc8 57.
Rg2 $4 (57. Rb1 Rxa2 58. h7 $19) 57... Rc1+ 58. Kh2 Rff1 59. Rg7 (59. Rb4+ Ke3
60. Rxe4+ fxe4 61. Kh3 $19) 59... Ke3 (59... Rh1+ 60. Kg2 Rcg1+ 61. Kf3 Rh3+
62. Rg3 Rhxg3+ 63. Kf4 Rf1#) 60. Rb3+ (60. Rg3+ Nxg3 61. Rb3+ Kf4 62. Rb4+ Ne4
63. Rxe4+ fxe4 64. Kg2 Rg1+ 65. Kf2 Rce1 66. h7 e3#) 60... Kf4 (60... Kf4 61.
Rg1 Rxg1 62. Rb1 Rxb1 63. a4 Rh1+ 64. Kg2 Rbg1#) 0-1

[Event "Bad Woerishofen op"]
[Site "?"]
[Date "2001.??.??"]
[Round "1"]
[White "Rahls, Peter"]
[Black "Wachweger, Albrecht"]
[Result "1-0"]
[WhiteElo "2308"]
[BlackElo "1910"]
[Annotator "ChessOrg"]
[PlyCount "41"]
[EventDate "2000.??.??"]

1. e4 {B22: Sizilianisch (Alapin 2.c3)} 1... c5 2. c3 d6 3. d4 cxd4 4. cxd4 {
letzter Buchzug.} 4... g6 5. Nc3 Bg7 6. Be3 Nf6 7. f3 O-O 8. Qd2 a6 9. Bc4 Nc6
10. Nge2 Na5 11. Bd3 Be6 (11... b5 $5 $11 $142) 12. d5 $16 12... Bd7 13. b4 Rc8
(13... b5 $5 $142 14. bxa5 14... b4 $16) 14. bxa5 $18 14... Qxa5 15. O-O b5 16.
Rac1 b4 17. Nb1 Bb5 (17... Qa4 18. Bc4 $18) 18. Bxb5 Qxb5 19. Nd4 Qb7 20. Nc6
Rc7 21. Qxb4 (21. Qxb4 Re8 22. Nd2 $18) 1-0

[Event "Bad Woerishofen op"]
[Site "Bad Woerishofen"]
[Date "2001.??.??"]
[Round "3"]
[White "Rahls, Peter"]
[Black "Kekelidse, Mikheil"]
[Result "1/2-1/2"]
[WhiteElo "2308"]
[BlackElo "2512"]
[Annotator "ChessOrg"]
[PlyCount "85"]
[EventDate "1998.03.05"]
[Source "ChessBase"]
[SourceDate "1998.04.29"]

1. e4 {B22: Sizilianisch (Alapin 2.c3)} 1... c5 2. c3 d6 3. d4 Nf6 4. dxc5 Nc6
5. Nd2 5... d5 {letzter Buchzug} 6. exd5 Qxd5 7. Ngf3 Qxc5 8. Nb3 Qb6 9. Be3
Qc7 10. Nbd4 Bd7 11. Bb5 e5 12. Nxc6 bxc6 13. Bc4 Be7 14. O-O O-O 15. Bg5 e4
16. Bxf6 Bxf6 17. Nd2 Rae8 18. Re1 Bf5 19. Nf1 Bg6 20. Qg4 Kh8 21. Rad1 Rd8 22.
Ng3 Be5 23. Rxd8 (23. Nxe4 $2 23... f5 (23... Bxh2+ $6 24. Kh1 $15) 24. Qh4
24... fxe4 $19) 23... Rxd8 24. h4 Bxg3 25. fxg3 Qe5 26. Kh2 h5 27. Qe2 Qd6 28.
Qe3 Qd2 29. Qxd2 Rxd2 30. Re2 Rd1 31. g4 hxg4 32. Kg3 f5 33. Kf4 Rd6 34. h5 Bh7
35. g3 Rd8 36. Kg5 Rf8 37. Be6 Rf6 38. Bc8 Kg8 (38... c5 39. a3 $15) 39. Rd2
$11 39... Kf8 40. Rd8+ Ke7 41. Rd7+ Kf8 42. Rd8+ Ke7 43. Rd7+ 1/2-1/2

[Event "Bad Woerishofen op"]
[Site "Bad Woerishofen"]
[Date "2001.??.??"]
[Round "5"]
[White "Rahls, Peter"]
[Black "Simutowe, Amon"]
[Result "0-1"]
[WhiteElo "2308"]
[BlackElo "2462"]
[Annotator "ChessOrg"]
[PlyCount "42"]
[EventDate "1998.03.05"]
[Source "ChessBase"]
[SourceDate "1998.04.29"]

1. e4 {B22: Sizilianisch (Alapin 2.c3)} 1... c5 2. c3 d5 3. exd5 Qxd5 4. d4 Nf6
5. Nf3 Bg4 6. Qa4+ Bd7 7. Qb3 cxd4 8. Nxd4 e6 9. Be3 Nc6 10. Nd2 {
letzter Buchzug} 10... Be7 11. N2f3 (11. Qxb7 $2 11... Nxd4 12. Qxd5 Nc2+ (
12... exd5 $143 13. Bxd4 O-O 14. Bd3 $16) 13. Kd1 Nxe3+ (13... exd5 14. Kxc2
Bf5+ 15. Kc1 $16) 14. fxe3 14... exd5 $19) 11... Nxd4 12. Nxd4 (12. Bxd4 12...
O-O $11) 12... O-O 13. Be2 Qxg2 14. O-O-O (14. Bf3 $5 14... Qh3 15. Bf4 $15)
14... Qd5 15. Bc4 Qa5 16. Rhg1 Ba4 17. Qxb7 Ba3 18. Rxg7+ (18. bxa3 Qxc3+ 19.
Kb1 19... Rfb8 $19) 18... Kh8 (18... Kxg7 19. Nxe6+ Kh8 20. Bd4 $19) 19. Rd3
Rab8 (19... Kxg7 $2 20. Nxe6+ (20. bxa3 20... Bd7 $15) 20... Kh8 21. Nxf8 $18)
20. Rxf7 Rxb7 21. Rxf8+ $4 (21. Rxb7 $142 21... Rc8 22. Nb3 $19) 21... Bxf8 (
21... Bxf8 22. Nxe6 22... Be7 $19) 0-1

[Event "Bad Woerishofen op"]
[Site "Bad Woerishofen"]
[Date "2001.??.??"]
[Round "7"]
[White "Rahls, Peter"]
[Black "Naiditsch, Arkadij"]
[Result "0-1"]
[WhiteElo "2308"]
[BlackElo "2484"]
[Annotator "ChessOrg"]
[PlyCount "80"]
[EventDate "1998.03.05"]
[Source "ChessBase"]
[SourceDate "1998.04.29"]

1. e4 {B22: Sizilianisch (Alapin 2.c3)} 1... c5 2. c3 d5 3. exd5 Qxd5 4. d4 Nf6
5. Nf3 Bg4 6. Nbd2 Nc6 7. Bc4 Bxf3 8. Qb3 Na5 9. Qb5+ Qd7 10. Qxa5 10... b6 {
letzter Buchzug} 11. Qa3 Bxg2 12. Rg1 Bd5 13. Bxd5 Qxd5 14. dxc5 Qxc5 15. Qxc5
bxc5 16. Nb3 e6 17. Be3 Rc8 18. O-O-O Nd5 19. Bd2 c4 20. Nd4 g6 21. Ne2 Bd6 22.
h4 h5 23. Kc2 a5 24. Ng3 Be7 25. Ne4 Rc6 26. Bg5 Bxg5 27. Rxg5 Ke7 28. Rd4 Rd8
29. Nd2 Nb4+ 30. Kb1 Rxd4 31. cxd4 Nd5 32. Ne4 Rc8 33. Rg3 (33. Kc2 $5 $17)
33... Rd8 $19 34. Ra3 (34. Nd2 Nb4 35. a3 35... Nc6 $19 (35... Rxd4 $6 36. axb4
Rxd2 37. bxa5 $17)) 34... Nb4 35. Rxa5 Rxd4 36. Ra7+ Kf8 37. Nc3 Rxh4 38. Kc1
Rf4 39. Rb7 (39. Kd2 Rxf2+ 40. Ne2 40... Nd3 $19) 39... Nd3+ 40. Kd2 h4 (40...
h4 41. Rb8+ 41... Kg7 $19) 0-1

[Event "Bad Woerishofen op"]
[Site "Bad Woerishofen"]
[Date "2001.??.??"]
[Round "9"]
[White "Rahls, Peter"]
[Black "Jenni, Florian"]
[Result "1/2-1/2"]
[WhiteElo "2308"]
[BlackElo "2493"]
[Annotator "ChessOrg"]
[PlyCount "62"]
[EventDate "1998.03.05"]
[Source "ChessBase"]
[SourceDate "1998.04.29"]

1. e4 {C26: Wiener Partie} 1... e5 2. Nc3 Nc6 3. g3 Bc5 4. Bg2 a6 5. Nge2 d6 6.
d3 6... h5 {letzter Buchzug} 7. h3 Be6 8. Nd5 Nd4 (8... h4 9. c3 $15) 9. Nxd4
Bxd4 10. c3 Ba7 11. Be3 Bxd5 12. exd5 Bxe3 13. fxe3 Qg5 14. Qf3 Nh6 (14... Rh6
15. h4 Qf6 16. O-O $11) 15. e4 (15. O-O 15... O-O-O $11) 15... h4 16. g4 g6 17.
O-O O-O 18. Qf6 Qxf6 19. Rxf6 Kg7 20. Raf1 Nf5 21. g5 Ng3 22. Re1 Nh5 23. Rf3
f6 24. gxf6+ Rxf6 25. Rxf6 Kxf6 26. d4 Re8 27. Bf3 Ng3 (27... Kg5 $5 $15) 28.
Kf2 $11 28... a5 29. Ke3 Kg5 30. Rg1 Kh6 31. Re1 Kg5 1/2-1/2

[Event "Bad Woerishofen op"]
[Site "?"]
[Date "2001.??.??"]
[Round "2"]
[White "Rau, Uwe"]
[Black "Kuprejchik, Viktor"]
[Result "0-1"]
[WhiteElo "2164"]
[BlackElo "2453"]
[Annotator "ChessOrg"]
[PlyCount "106"]
[EventDate "2000.??.??"]

1. e4 {B56: Sizilianisch (Abweichung von Sozin- und Richter/Rauser-Variante)}
1... c5 2. Nf3 d6 3. d4 cxd4 4. Nxd4 Nf6 5. Nc3 Bd7 6. Bg5 e6 7. f4 Nc6 8. Nf3
{letzter Buchzug} 8... h6 9. Bxf6 Qxf6 10. Qd2 O-O-O 11. h4 (11. Bb5 d5 12. e5
12... Qe7 $14) 11... Be7 12. O-O-O g6 13. Kb1 Qg7 14. Qe3 Kb8 15. Bb5 Rc8 16.
g3 Rhd8 17. Rh2 Na5 18. Bxd7 (18. Bd3 18... Nc6 $11) 18... Rxd7 19. Qd4 Qg8 (
19... Qxd4 $5 20. Rxd4 20... Nc4 $11) 20. Qa4 $14 20... Nc6 21. Rhd2 a6 22. Ne2
Rdc7 23. c3 (23. g4 f5 24. gxf5 24... gxf5 $11) 23... g5 (23... f5 $5 $11 $142)
24. hxg5 $14 24... hxg5 25. Ned4 (25. Nxg5 $5 25... Qg6 26. Nh3 $14) 25... gxf4
$15 26. gxf4 Qg4 27. e5 (27. Nxc6+ Rxc6 28. Nd4 28... Rc4 $11) 27... Nxd4 28.
Nxd4 (28. Rxd4 d5 29. Rf1 Qf5+ 30. Qc2 Qxc2+ 31. Kxc2 31... b5 $11) 28... dxe5
29. fxe5 Qe4+ 30. Ka1 Qxe5 31. a3 Qg5 32. Qb3 e5 33. Nf3 Qf4 34. Qd5 f6 35. Ne1
Rd8 36. Qg2 Rxd2 37. Rxd2 e4 38. Nc2 Bc5 39. Ka2 e3 40. Rd8+ Ka7 (40... Rc8 41.
Rxc8+ Kxc8 42. Qd5 $19) 41. Qg8 $15 41... Qe4 42. Ra8+ Kb6 43. Qb3+ Kc6 44.
Nd4+ Bxd4 45. Qa4+ b5 (45... Kd6 46. Rd8+ Ke6 47. Rxd4 $11) 46. Rxa6+ Kd7 47.
Qxb5+ Ke7 48. cxd4 Rd7 49. Qc5+ Kf7 50. Qb6 (50. Qh5+ Ke7 51. Ra7 Rxa7 52. Qc5+
Ke8 53. Qxa7 e2 54. Qa4+ Kf7 55. Qc4+ 55... Qe6 $19) 50... Qd5+ (50... Qf5 51.
Qb3+ Qd5 52. Rc6 Qxb3+ 53. Kxb3 $15) 51. Ka1 $11 51... Qxd4 52. Qe6+ Kg7 53.
Ra5 $4 (53. Rb6 Qd1+ 54. Ka2 Qd5+ 55. Kb1 Qxe6 56. Rxe6 Rd1+ 57. Kc2 Rd2+ 58.
Kc3 $14) 53... Rb7 $19 (53... Rb7 54. Rb5 Rxb5 55. Qe7+ Kh6 56. Qf8+ Kg5 57.
Qg7+ Kf4 58. Qc7+ Qe5 59. Qc4+ 59... Kg3 $19) 0-1

[Event "Bad Woerishofen op"]
[Site "Bad Woerishofen"]
[Date "2001.??.??"]
[Round "4"]
[White "Rau, Uwe"]
[Black "Sawadkuhi, Massoud"]
[Result "1/2-1/2"]
[WhiteElo "2164"]
[BlackElo "2322"]
[Annotator "ChessOrg"]
[PlyCount "101"]
[EventDate "1998.03.05"]
[Source "ChessBase"]
[SourceDate "1998.04.29"]

1. e4 {B94: Sizilianisch (Najdorf-Variante mit 6.Lg5)} 1... c5 2. Nf3 d6 3. d4
cxd4 4. Nxd4 Nf6 5. Nc3 a6 6. Bg5 Nbd7 7. Bc4 e6 8. Qe2 {letzter Buchzug} 8...
Qa5 9. f4 b5 10. Bb3 (10. Bd5 $5 10... Nxd5 11. exd5 $16) 10... Bb7 $11 11.
O-O-O (11. Bxf6 Nxf6 (11... gxf6 $143 12. Qh5 Ke7 13. O-O-O $11) 12. O-O b4 13.
Ba4+ 13... Kd8 $19) 11... O-O-O (11... b4 $5 $142 12. Nd5 exd5 (12... Nxd5 $143
13. exd5 e5 14. fxe5 Nxe5 15. Bf4 $16) 13. exd5+ Kd8 14. Nc6+ Bxc6 15. dxc6
15... h6 $17) 12. a3 $14 12... h6 13. Bh4 g5 14. fxg5 hxg5 15. Be1 (15. Bxg5 b4
16. Qc4+ Kb8 17. Bxf6 Nxf6 18. axb4 Qa1+ 19. Kd2 Qxb2 20. Nc6+ Bxc6 21. Qxc6
$18) 15... Qb6 $11 16. Bg3 (16. Nf3 16... Bh6 $11) 16... Be7 (16... Nc5 17.
Rhf1 Bg7 18. e5 dxe5 19. Bxe5 $11) 17. Rhf1 $14 17... g4 18. Kb1 Rh5 19. Rf2
Rc5 20. Qe3 Kb8 21. Bxe6 (21. Nde2 $5 $11) 21... Rxc3 $15 (21... fxe6 $6 22.
Nxe6 Rxc3 23. Qxb6 Nxb6 24. Nxd8 Bxd8 25. Rxd6 (25. bxc3 $143 25... Nxe4 26.
Rf8 26... Kc7 $11) 25... Rxg3 26. Rxd8+ (26. hxg3 $6 26... Nfd7 $11) 26... Kc7
27. hxg3 (27. Rxf6 Rxg2 28. Rd3 28... Rxh2 $11) 27... Kxd8 28. Rxf6 $14) 22.
Qxc3 (22. bxc3 fxe6) 22... Nxe4 23. Qe1 fxe6 24. Nxe6 Re8 25. Re2 Ndf6 26. Bf4
Rc8 27. Ng5 Qc6 (27... Qc5 $5 $11) 28. Nxe4 $14 28... Nxe4 29. Rd4 Qc5 30.
Rexe4 Qxc2+ 31. Ka1 Bxe4 32. Qxe4 (32. Rxe4 $143 32... Bf6 33. Rb4 33... Qd3
$15) 32... Qxe4 33. Rxe4 Rc4 34. Rxc4 bxc4 35. b3 cxb3 36. Kb2 Kb7 37. Kxb3 Kc6
38. a4 Kd5 39. Kb4 Bd8 40. h3 gxh3 41. gxh3 Kc6 42. Bg3 d5 43. h4 Be7+ 44. Kb3
Kc5 45. h5 Bg5 46. Be5 d4 47. Bg7 d3 48. h6 (48. Kc3 $5 $16 $142) 48... d2 $11
49. Kc2 d1=Q+ 50. Kxd1 Bxh6 51. Bxh6 1/2-1/2

[Event "Bad Woerishofen op"]
[Site "Bad Woerishofen"]
[Date "2001.??.??"]
[Round "6"]
[White "Rau, Uwe"]
[Black "Cassar, Horace"]
[Result "1-0"]
[WhiteElo "2164"]
[BlackElo "2000"]
[Annotator "ChessOrg"]
[PlyCount "125"]
[EventDate "1998.03.05"]
[Source "ChessBase"]
[SourceDate "1998.04.29"]

1. e4 {B96: Sizilianisch (Najdorf-Variante)} 1... c5 2. Nf3 d6 3. d4 cxd4 4.
Nxd4 Nf6 5. Nc3 a6 6. Bg5 e6 7. f4 Nc6 8. Nxc6 bxc6 9. e5 h6 10. Bh4 g5 11.
fxg5 Nd5 12. Nxd5 cxd5 13. Bg3 {letzter Buchzug} 13... Qb6 (13... hxg5 14. c3
$15) 14. g6 Qb4+ (14... fxg6 15. Bd3 Qxb2 16. Bxg6+ Kd7 17. Rb1 Qc3+ 18. Qd2
Qxd2+ 19. Kxd2 dxe5 20. Bxe5 $15) 15. c3 $14 15... Qe4+ (15... Qxb2 $5 $142 16.
gxf7+ 16... Kxf7 $14) 16. Be2 $16 16... fxg6 17. O-O (17. exd6 Qxg2 18. Rf1
18... Qe4 $16) 17... dxe5 18. Kh1 Qe3 19. Qa4+ (19. Re1 Qg5 20. Bxe5 20... Rh7
$16) 19... Bd7 20. Qg4 20... O-O-O $4 (20... Rg8 $142 21. Rae1 21... Kd8 $16)
21. Bxa6+ $18 21... Kc7 22. Rae1 (22. Qxg6 $6 22... Bd6 $18) 22... Qb6 23.
Bxe5+ Bd6 24. Bxd6+ (24. Bxh8 $142 24... Rxh8 25. Bd3 $18) 24... Qxd6 25. Bd3
g5 26. Qd4 Ra8 27. c4 Rhf8 (27... Rhe8 28. cxd5 exd5 29. Rxe8 Rxe8 30. Qa7+ Kd8
31. Qa5+ Ke7 32. b4 $18) 28. Rxf8 Rxf8 29. cxd5 (29. Qa7+ Kd8 30. Qa5+ Qc7 31.
Qa8+ 31... Qc8 $18) 29... Qxd5 30. Rc1+ Kd8 31. Qb6+ Ke7 32. Qb4+ Qd6 33. Qc3
Rf2 34. Be4 Qf4 (34... e5 $5 $16 $142) 35. Kg1 Re2 36. Bf3 Rd2 37. Qg7+ Kd6 38.
Qc3 (38. Re1 Bc6 39. Qxh6 39... Bd5 $16) 38... Ke7 39. g3 39... Qd6 $2 (39...
Qd4+ 40. Qxd4 40... Rxd4 $14) 40. Qg7+ $18 40... Kd8 41. Qf6+ Qe7 42. Qh8+ Be8
43. Qc3 (43. Qxh6 $6 43... Qa7+ 44. Kh1 44... Qe7 $18) 43... Qd6 (43... Qa7+
44. Kh1 44... Rd7 $18) 44. Qxd2 (44. Qf6+ $142 44... Kd7 45. Bc6+ Kc8 46. Bxe8+
Kb8 47. Ba4 $18 (47. Qxh6 $4 47... Qd4+ 48. Kh1 Qe4+ 49. Kg1 Qg2#)) 44... Qxd2
$16 45. Rd1 Qxd1+ 46. Bxd1 Ke7 47. Kf2 Kd6 48. b4 Kd5 49. Ke3 h5 50. Bb3+ Ke5
51. h4 gxh4 52. gxh4 Kf5 (52... Kd6 53. a4 $18) 53. Bd1 Ke5 54. a4 Kd5 55. Bb3+
Ke5 56. a5 Bb5 (56... Kd6 57. Bc4 57... Bd7 $18) 57. Bd1 Be8 (57... Kd6 58.
Bxh5 e5 59. Bg6 $18) 58. Bf3 (58. a6 Bc6 59. a7 59... Bb7 $18) 58... Kd6 (58...
Bb5 59. Bxh5 59... Kd6 $18) 59. Kd4 (59. a6 $18 $142) 59... e5+ 60. Kc4 Bg6 (
60... Bf7+ 61. Kc3 61... Kc7 $18) 61. a6 e4 62. a7 Bf7+ 63. Kd4 (63. Kd4 exf3
64. a8=Q $18) 1-0

[Event "Bad Woerishofen op"]
[Site "Bad Woerishofen"]
[Date "2001.??.??"]
[Round "8"]
[White "Rau, Uwe"]
[Black "Probst, Joachim"]
[Result "1-0"]
[WhiteElo "2164"]
[BlackElo "1925"]
[Annotator "ChessOrg"]
[PlyCount "71"]
[EventDate "1998.03.05"]
[Source "ChessBase"]
[SourceDate "1998.04.29"]

1. e4 {B18: Caro-Kann (Hauptvariante)} 1... c6 2. d4 d5 3. Nc3 dxe4 4. Nxe4 Bf5
5. Ng3 Bg6 6. h4 h6 7. Nh3 e6 8. Nf4 Bh7 9. Bc4 Nf6 10. c3 Bd6 11. Ngh5 {
letzter Buchzug} 11... O-O 12. Bd3 Nbd7 13. Bxh7+ Kxh7 14. Be3 Qa5 15. g4 Nxh5
16. Nxh5 Qd5 17. f3 (17. Rg1 17... Rad8 $11) 17... g6 (17... f5 18. O-O $15)
18. Nf4 $11 18... Bxf4 19. Bxf4 Rae8 20. O-O f6 21. Qd2 h5 22. Rad1 Rf7 23. Qc2
Nb6 24. b3 f5 (24... hxg4 25. fxg4 e5 26. h5 $16) 25. c4 $16 25... Qd8 26. g5
Rd7 27. Be5 Qe7 28. Kg2 c5 29. Rf2 cxd4 30. Rfd2 Rc8 31. Qb2 Qb4 32. Rxd4 Rxd4
33. Qxd4 Qe7 (33... Qc5 $5 $16 $142) 34. a4 $18 34... Re8 35. a5 Nc8 36. Bf6 (
36. Bf6 e5 37. Qd7 (37. Bxe7 $6 37... exd4 38. Bf6 38... Re6 $18) 37... Qxd7
38. Rxd7+ Kg8 39. Rxb7 $18) 1-0

[Event "Bad Woerishofen op"]
[Site "Bad Woerishofen"]
[Date "2001.??.??"]
[Round "2"]
[White "Reefschlaeger, Helmut"]
[Black "Kugelmann, Werner"]
[Result "1/2-1/2"]
[WhiteElo "2355"]
[BlackElo "2159"]
[Annotator "ChessOrg"]
[PlyCount "32"]
[EventDate "1998.03.05"]
[Source "ChessBase"]
[SourceDate "1998.04.29"]

1. d4 {A48: Koenigsindisch (ohne c2-c4)} 1... Nf6 2. Nf3 g6 3. b4 Bg7 4. Bb2
O-O 5. c4 {letzter Buchzug} 5... Ne4 (5... d5 6. e3 $11) 6. e3 b6 7. Nc3 Nxc3
8. Bxc3 c5 9. a3 Bb7 10. Rc1 d6 11. Be2 Nd7 12. O-O Rc8 13. Qb3 e5 14. bxc5
exd4 15. exd4 Bxf3 16. Bxf3 bxc5 1/2-1/2

[Event "Bad Woerishofen op"]
[Site "Bad Woerishofen"]
[Date "2001.??.??"]
[Round "4"]
[White "Reefschlaeger, Helmut"]
[Black "Krajewski, Wolfgang"]
[Result "1-0"]
[WhiteElo "2355"]
[BlackElo "2199"]
[Annotator "ChessOrg"]
[PlyCount "35"]
[EventDate "1998.03.05"]
[Source "ChessBase"]
[SourceDate "1998.04.29"]

1. e4 {B10: Caro-Kann-Verteidigung} 1... c6 2. Nc3 d5 3. f4 dxe4 4. Nxe4 Nf6 5.
Nf2 5... e6 {letzter Buchzug} 6. Nf3 Bd6 7. g3 Qc7 8. Bg2 Nbd7 9. O-O O-O 10.
b3 b6 11. Bb2 Bb7 12. Qe2 c5 13. Rae1 Rac8 14. c4 a6 15. Ne5 Bxg2 16. Kxg2 Qb7+
17. Kg1 17... Rfd8 $4 (17... Rcd8 $11 $142) 18. Nxf7 $1 $18 (18. Nxf7 Kxf7 19.
Qxe6+ Kg6 20. f5+ Kh6 21. Ng4+ (21. Qxd6 $143 21... Qc7 22. Qe7 Ne5 23. Bxe5
Qxe7 24. Bf4+ g5 25. fxg6+ Kxg6 26. Rxe7 26... Re8 $18) 21... Kg5 22. Qxd6 $18)
1-0

[Event "Bad Woerishofen op"]
[Site "Bad Woerishofen"]
[Date "2001.??.??"]
[Round "6"]
[White "Reefschlaeger, Helmut"]
[Black "Goy, Udo"]
[Result "1/2-1/2"]
[WhiteElo "2355"]
[BlackElo "2194"]
[Annotator "ChessOrg"]
[PlyCount "45"]
[EventDate "1998.03.05"]
[Source "ChessBase"]
[SourceDate "1998.04.29"]

1. e4 {B21: Sizilianisch (Morra-Gambit 2.f4)} 1... c5 2. f4 d5 3. Nc3 d4 4.
Nce2 4... Nf6 {letzter Buchzug} 5. d3 Nc6 6. h3 e5 7. Nf3 Bd6 8. g3 h5 9. Bg2
h4 10. g4 (10. Nxh4 $143 10... exf4 11. Rf1 11... Nh5 $17) 10... exf4 11. Bxf4
Bxf4 12. Nxf4 Qd6 13. Qd2 Ne5 14. Nxe5 Qxe5 15. O-O-O Bd7 16. Rhf1 O-O-O 17.
Nd5 Nxd5 (17... Rhe8 18. Nxf6 gxf6 19. Kb1 $14) 18. exd5 f6 19. Rde1 (19. Qa5
Kb8 20. Qxc5 20... Rhe8 $14) 19... Qd6 $11 20. Qf2 Rdf8 21. Be4 Kc7 22. Qd2 Re8
23. c4 1/2-1/2